[Event "Let's Play Chess!"]
[Site "http://www.queenalice.com/game.php?id=1340534"]
[Date "2015.2.10"]
[Round "-"]
[White "welshlass"]
[Black "Bategoll"]
[Result "0-1"]
[WhiteElo "1100"]
[BlackElo "1773"]

1. e4 e5 2. Nf3 Nc6 3. Bb5 Nf6 4. O-O d6 5. c3 Bd7 6. d3 Be7 7. d4 exd4 8. Bxc6
Bxc6 9. Qxd4 Nxe4 10. Qxg7 Bf6 11. Qg4 Qd7 12. Qh5 O-O-O 13. Qa5 Kb8 14. Be3 b6
15. Qa3 Rhg8 16. Re1 Nc5 17. Qb4 Bxf3 18. Kf1 Bxg2+ 19. Ke2 a5 20. Qf4 Qb5+ 21.
c4 Qxb2+ 22. Nd2 Be5 23. Qh4 Qc2 24. Bxc5 Bxa1 25. Be3 Be5 26. Rb1 Bh8 27. Qf4
Be5 28. Qxf7 Rdf8 29. Qe7 Bf3+ 0-1

[Event "Let's Play Chess!"]
[Site "http://www.queenalice.com/game.php?id=1340535"]
[Date "2015.2.10"]
[Round "-"]
[White "josebaron"]
[Black "welshlass"]
[Result "1-0"]
[WhiteElo "1985"]
[BlackElo "1100"]

1. e4 e5 2. Bc4 Nf6 3. d3 h6 4. Nf3 Nc6 5. Nc3 Bc5 6. O-O d6 7. h3 Bxh3 8. gxh3
Nh5 9. Kh2 O-O 10. Nxe5 Nxe5 11. Qxh5 Qf6 12. Nd5 Qd8 13. Be3 Nxc4 14. dxc4 c6
15. Bxc5 cxd5 16. Be3 dxe4 17. Qg4 Qf6 18. c3 Rfe8 19. Bd4 Qf4+ 20. Qxf4 1-0

[Event "Let's Play Chess!"]
[Site "http://www.queenalice.com/game.php?id=1340536"]
[Date "2015.2.10"]
[Round "-"]
[White "welshlass"]
[Black "Bategoll"]
[Result "1-0"]
[WhiteElo "1100"]
[BlackElo "1775"]

1. d4 d5 2. Nf3 Nf6 3. Bg5 h6 4. Bxf6 exf6 5. Nc3 Bb4 6. e3 c6 7. Qd2 Bg4 8.
O-O-O Nd7 9. a3 Bxf3 10. gxf3 Bd6 11. e4 Nb6 12. exd5 Nxd5 13. Nxd5 cxd5 14.
Bb5+ Kf8 15. Rde1 Qc7 16. Qe2 g6 17. h4 Kg7 18. Bd3 g5 19. f4 Bxf4+ 20. Kb1 a6
21. h5 Rhe8 22. Qxe8 Rxe8 23. Rxe8 b5 24. Rhe1 Bd6 25. Ra8 f5 26. Ree8 Bh2 27.
Rg8+ Kf6 28. Rae8 g4 29. Ra8 g3 30. Rxa6+ Ke7 31. fxg3 Bxg3 32. Rga8 Qf4 33.
Bxb5 Qxd4 34. Re8# 1-0

[Event "Challenge"]
[Site "http://www.queenalice.com/game.php?id=1341230"]
[Date "2015.2.13"]
[Round "-"]
[White "Bategoll"]
[Black "welshlass"]
[Result "1-0"]
[WhiteElo "1809"]
[BlackElo "1100"]

1. e4 e5 2. Nf3 Nc6 3. Bb5 Nf6 4. O-O Bc5 5. Nc3 Ng4 6. Nd5 Bxf2+ 7. Rxf2 Nxf2
8. Kxf2 Nd4 9. Nxd4 exd4 10. Bc4 Qh4+ 11. Kg1 O-O 12. d3 d6 13. Nxc7 Bg4 14. Qf1
Rac8 15. Nd5 Rce8 16. Bf4 Kh8 17. Bxd6 Rg8 18. Bg3 Qh5 19. Qf4 Re6 20. Rf1 Rf8
21. a3 f5 22. e5 Rfe8 23. Nc7 Rxe5 24. Nxe8 Qxe8 25. Qxe5 1-0

[Event "Challenge"]
[Site "http://www.queenalice.com/game.php?id=1341231"]
[Date "2015.2.13"]
[Round "-"]
[White "welshlass"]
[Black "Bategoll"]
[Result "0-1"]
[WhiteElo "1100"]
[BlackElo "1887"]

1. d4 d5 2. Nc3 Nf6 3. Nf3 Bg4 4. Bg5 c6 5. Ne5 Bf5 6. e3 h6 7. Bxf6 exf6 8. Nf3
Nd7 9. Nh4 Bh7 10. Be2 Nb6 11. O-O Bd6 12. e4 dxe4 13. Nxe4 Bxe4 14. Bg4 O-O 15.
Re1 Bd5 16. Re3 Bc7 17. Qd3 Qd6 18. Rg3 Qb4 19. Nf5 Bxg3 20. Qxg3 Qd2 21. Bh5
Qg5 22. Qxg5 fxg5 23. Re1 Be6 24. Ne7+ Kh8 25. b3 g6 26. Bxg6 Nd5 27. Nxd5 cxd5
28. Bd3 a6 29. Re3 b5 30. Rh3 Bxh3 0-1

[Event "Challenge"]
[Site "http://www.queenalice.com/game.php?id=1341324"]
[Date "2015.2.13"]
[Round "-"]
[White "welshlass"]
[Black "caracole"]
[Result "0-1"]
[WhiteElo "1100"]
[BlackElo "1052"]

1. d4 Nf6 2. Nf3 g6 3. Nc3 Bg7 4. e4 c6 5. Bc4 O-O 6. e5 Nd5 7. Bxd5 cxd5 8.
Nxd5 Qa5+ 9. Nc3 e6 10. Nh4 Nc6 11. d5 Nxe5 12. d6 Qb4 13. Nf3 b6 14. O-O Bb7
15. Bf4 Qxf4 16. Re1 Nxf3+ 17. Qxf3 Bxf3 0-1

[Event "Challenge"]
[Site "http://www.queenalice.com/game.php?id=1346606"]
[Date "2015.3.9"]
[Round "-"]
[White "Diesels_Deuce"]
[Black "welshlass"]
[Result "0-1"]
[WhiteElo "1051"]
[BlackElo "1044"]

1. c4 e5 2. Nc3 Nc6 3. b3 Bb4 4. e4 d6 5. Bb2 Nf6 6. Nd5 Nxe4 7. Nf3 Bg4 8. Be2
Bxf3 9. Bc3 Bxg2 10. Bf3 Bxh1 11. Bxb4 Nxf2 12. Kxf2 Qh4+ 13. Ke3 Bxf3 14. Qxf3
Qd4+ 15. Ke2 Qxa1 16. Nxc7+ Kf8 17. Bxd6+ Kg8 18. Nxa8 Nd4+ 19. Ke3 Nxf3 20.
Kxf3 f5 21. Nc7 Qf1+ 22. Ke3 Qh3+ 23. Ke2 e4 24. Bg3 f4 25. Nd5 Qg2+ 26. Kd1
fxg3 27. hxg3 Qxg3 28. Ne3 Kf7 29. Kc2 Rd8 30. Nd5 h5 0-1

[Event "Challenge"]
[Site "http://www.queenalice.com/game.php?id=1348217"]
[Date "2015.3.18"]
[Round "-"]
[White "ledeon"]
[Black "welshlass"]
[Result "1-0"]
[WhiteElo "1247"]
[BlackElo "1089"]

1. d4 d5 2. Nf3 Nc6 3. e3 Nf6 4. c4 Bf5 5. Nc3 e6 6. Qb3 Nb4 7. Qa4+ c6 8. cxd5
Nc2+ 9. Kd2 Nxa1 10. dxc6 bxc6 11. Ne5 Nd7 12. Qxc6 Rc8 13. Qxd7+ Qxd7 14. Nxd7
Kxd7 15. Bb5+ Kd8 16. Bd3 Bxd3 17. Kxd3 Bb4 18. Bd2 h5 19. Rxa1 Rc6 20. Rc1 Rd6
21. b3 e5 22. Nb5 Bxd2 23. Nxd6 Bxc1 24. Nxf7+ Ke7 25. Nxh8 Kd6 26. Nf7+ Kd5 27.
Nxe5 g5 28. Nc4 h4 29. Kc2 1-0

[Event "Challenge"]
[Site "http://www.queenalice.com/game.php?id=1348272"]
[Date "2015.3.18"]
[Round "-"]
[White "welshlass"]
[Black "ledeon"]
[Result "1-0"]
[WhiteElo "1039"]
[BlackElo "1290"]

1. e4 e6 2. d4 d6 3. Nc3 Ne7 4. Nf3 g6 5. Bg5 Bg7 6. Bc4 O-O 7. d5 c6 8. dxe6
fxe6 9. h4 d5 10. exd5 exd5 11. Bd3 Nd7 12. Qe2 Nf6 13. O-O-O Bg4 14. Bxf6 Rxf6
15. Rde1 Re6 16. Qd2 Rxe1+ 17. Qxe1 Nf5 18. h5 Bxh5 19. Bxf5 Qf6 20. Be6+ Kf8
21. Qe2 Re8 22. Re1 d4 23. Na4 d3 24. cxd3 Bg4 25. Nc5 Bxe6 26. Nxe6+ Kf7 27.
Neg5+ 1-0

[Event "Let's Play Chess!"]
[Site "http://www.queenalice.com/game.php?id=1349370"]
[Date "2015.3.23"]
[Round "-"]
[White "welshlass"]
[Black "Knightgirl"]
[Result "0-1"]
[WhiteElo "1085"]
[BlackElo "1724"]

1. e4 e5 2. Nf3 Nf6 3. Nc3 Bc5 4. h3 O-O 5. Bc4 d6 6. Ng5 Nd5 7. Qh5 h6 8. Bxd5
Qxg5 9. Qxg5 hxg5 10. d3 c6 11. Bb3 Be6 12. h4 g4 13. Bg5 Bxb3 14. axb3 Na6 15.
Bf6 gxf6 16. h5 Nb4 17. Kd2 Bxf2 18. Raf1 g3 19. Rh4 Kh7 20. Nd1 f5 21. Nxf2
gxf2 22. Rxf2 f4 23. g4 fxg3 24. Rg2 Rg8 25. Rh3 Rg5 26. Rhxg3 Rxg3 27. Rxg3 Rg8
28. Rf3 Rg2+ 0-1

[Event "Let's Play Chess!"]
[Site "http://www.queenalice.com/game.php?id=1349371"]
[Date "2015.3.24"]
[Round "-"]
[White "Bategoll"]
[Black "welshlass"]
[Result "1-0"]
[WhiteElo "1811"]
[BlackElo "1089"]

1. d4 d5 2. Nf3 Bg4 3. Nc3 Nf6 4. h3 Bxf3 5. exf3 e6 6. Bd3 Bb4 7. Bd2 O-O 8. a3
Bxc3 9. Bxc3 b6 10. O-O Nh5 11. Bd2 f5 12. f4 Qh4 13. Qf3 Rf6 14. Rfe1 Rg6 15.
Rxe6 c6 16. Bxf5 Rf6 17. Rxf6 gxf6 18. Bg4 f5 19. Bxh5 Nd7 20. g4 fxg4 21. Qxg4+
Qxg4+ 22. Bxg4 Nf6 23. Be6+ Kg7 24. Re1 h5 25. Re5 a5 26. Rg5+ Kf8 27. Rg2 h4
28. f5 a4 29. Bg5 Ke7 30. Bxh4 Rf8 31. Rg7+ Ke8 32. Ra7 b5 33. Ra8+ Ke7 34. Rxf8
Kxf8 35. Bxf6 1-0

[Event "Let's Play Chess!"]
[Site "http://www.queenalice.com/game.php?id=1349372"]
[Date "2015.3.24"]
[Round "-"]
[White "welshlass"]
[Black "Bategoll"]
[Result "0-1"]
[WhiteElo "1089"]
[BlackElo "1809"]

1. d4 d5 2. Nc3 Nf6 3. Bg5 h6 4. Bxf6 exf6 5. e3 Nc6 6. Nf3 Bg4 7. e4 dxe4 8.
Nxe4 Bxf3 9. Qxf3 Qxd4 10. c3 Qe5 11. O-O-O Be7 12. Rd5 Qe6 13. Kb1 O-O 14. Bd3
Kh8 15. Rh5 Ne5 16. Qe3 Nxd3 17. Qxd3 Rfd8 18. Qf3 c6 19. h4 Rd5 20. Rh3 Rxh5
21. Qxh5 Qxe4+ 22. Kc1 Qe1+ 23. Qd1 Qxf2 24. Qg4 Rd8 25. Rh1 Bd6 26. g3 Be5 27.
Rd1 Qe3+ 28. Kb1 Rxd1+ 29. Qxd1 Qxg3 30. Qh5 Qd3+ 0-1

[Event "Challenge"]
[Site "http://www.queenalice.com/game.php?id=1350358"]
[Date "2015.3.28"]
[Round "-"]
[White "Petrucio"]
[Black "welshlass"]
[Result "0-1"]
[WhiteElo "1115"]
[BlackElo "1085"]

1. Nc3 e5 2. e4 Nc6 3. Nf3 Bb4 4. Na4 b5 5. Bxb5 Bb7 6. Bc4 Nh6 7. Nh4 Qxh4 8.
c3 Qxe4+ 9. Be2 Qxg2 10. Bf3 Qh3 11. Qe2 Bd6 12. Qe3 O-O 13. Be2 Qh4 14. Bd3
Qxa4 15. b3 Qh4 16. Qe4 Qxe4+ 17. Bxe4 f5 18. Bd5+ Kh8 19. Bc4 Na5 20. a3 Bxh1
21. Ke2 Ng4 22. f3 Nxh2 23. Bd3 Bxf3+ 24. Ke3 Nxb3 25. Kf2 Nxa1 26. Bb2 e4 27.
Bxa1 exd3 28. c4 Rfe8 29. Bd4 Re2+ 30. Kg1 Bg3 31. Bc3 Re1# 0-1

[Event "Challenge"]
[Site "http://www.queenalice.com/game.php?id=1356819"]
[Date "2015.5.1"]
[Round "-"]
[White "Petrucio"]
[Black "welshlass"]
[Result "0-1"]
[WhiteElo "1122"]
[BlackElo "1112"]

1. d4 d5 2. g4 Nc6 3. Bf4 Bxg4 4. h3 Bf5 5. Qd2 e6 6. a4 Nf6 7. a5 Nb4 8. Nc3
Nxc2+ 9. Kd1 Nxa1 10. Qc1 Nb3 11. Qe3 Nxa5 12. Qe5 Bd6 13. Qe3 Nc4 14. Qf3 Nxb2+
15. Kc1 Ba3 16. Bg5 Nc4+ 17. Kd1 Qd6 18. Qg2 Qb4 19. Ke1 Qxc3+ 20. Kd1 Qa1+ 21.
Bc1 Qxc1# 0-1

[Event "Let's Play Chess!"]
[Site "http://www.queenalice.com/game.php?id=1359303"]
[Date "2015.5.13"]
[Round "-"]
[White "welshlass"]
[Black "AAABBB"]
[Result "0-1"]
[WhiteElo "1112"]
[BlackElo "2804"]

1. e4 e5 2. Nf3 Nc6 3. Bb5 a6 4. Bxc6 dxc6 5. Nc3 Be6 6. d3 f6 7. Nxe5 fxe5 8.
Qh5+ g6 9. Qxe5 Qd7 10. Qxh8 Bg7 11. Qxh7 Bxc3+ 12. bxc3 Qxh7 0-1

[Event "Let's Play Chess!"]
[Site "http://www.queenalice.com/game.php?id=1359513"]
[Date "2015.5.15"]
[Round "-"]
[White "Rommel"]
[Black "welshlass"]
[Result "1-0"]
[WhiteElo "1500"]
[BlackElo "1132"]

1. e4 e5 2. f4 d6 3. Nf3 Nc6 4. Bc4 Bg4 5. c3 Nf6 6. d3 Nh5 7. f5 Bxf3 8. Qxf3
Nf6 9. Bg5 Qd7 10. a4 O-O-O 11. b4 h6 12. Bxf6 gxf6 13. a5 Nxa5 14. bxa5 h5 15.
Na3 Qa4 16. O-O d5 17. exd5 Qxa5 18. Nb5 Bc5+ 19. d4 Qb6 20. Nxa7+ Kb8 21. Rfb1
Bxd4+ 22. Kh1 Qxa7 23. Rxa7 Bxa7 24. Ba6 Rd6 25. Bxb7 Bb6 26. Bc6 Rxc6 27. dxc6
Re8 28. c4 e4 29. Qb3 e3 30. c5 e2 31. Re1 Kc8 32. cxb6 1-0

[Event "Let's Play Chess!"]
[Site "http://www.queenalice.com/game.php?id=1359552"]
[Date "2015.5.15"]
[Round "-"]
[White "welshlass"]
[Black "paolop69"]
[Result "0-1"]
[WhiteElo "1132"]
[BlackElo "1580"]

1. e4 e5 2. Nf3 d6 3. Nc3 c6 4. Bc4 h6 5. d3 Be7 6. O-O Bg4 7. h3 Bxf3 8. Qxf3
Nf6 9. h4 Nbd7 10. h5 Nb6 11. Bxf7+ Kxf7 12. Qf5 Qe8 13. f4 Qd7 14. Qg6+ Kf8 15.
f5 Qe8 16. Qg3 Qxh5 17. Be3 Qg4 18. Qh2 Nh5 19. Rf3 Nd7 20. Ne2 Bh4 21. Qh3 Qxh3
22. Rxh3 Ng3 23. Nxg3 Bf6 24. Rf1 Ke7 25. b4 b5 26. Nh5 Rh7 27. Ra1 Nb6 28. Nxf6
Kxf6 29. Kf2 Rf8 30. d4 g5 31. fxg6 Kxg6+ 32. Ke2 Nc4 33. Rg3+ Kf7 34. dxe5 Nxe3
35. exd6 Nc4 36. Rd1 Ke6 37. Rgd3 Nb2 38. d7 Nxd3 0-1